Corporate reliance on bank loans: an empirical analysis of UK property companies (Record no. 63515)

MARC details
000 -LEADER
fixed length control field 00793cam a2200205 4500
001 - CONTROL NUMBER
control field ABS62323
008 - FIXED-LENGTH DATA ELEMENTS--GENERAL INFORMATION
fixed length control field 000000n2000 000 0 eng u
035 ## - SYSTEM CONTROL NUMBER
System control number (Sirsi) u106043
100 ## - MAIN ENTRY--PERSONAL NAME
Personal name Ooi, J.
245 ## - TITLE STATEMENT
Title Corporate reliance on bank loans: an empirical analysis of UK property companies
260 ## - PUBLICATION, DISTRIBUTION, ETC.
Date of publication, distribution, etc. 2000
490 ## - SERIES STATEMENT
Series statement Journal of Property Investment and Finance
Volume/sequential designation 18(1) January 2000, 103-120(18)
520 ## - SUMMARY, ETC.
Summary, etc. Focuses on the debt ownership choice of UK property companies. data shows that bank borrowing makes up more than half of the total outstanding debt of the quoted property sector. References.
590 ## - LOCAL NOTE (RLIN)
Local note ABS
650 ## - SUBJECT ADDED ENTRY--TOPICAL TERM
Topical term or geographic name entry element BANK LENDING
650 ## - SUBJECT ADDED ENTRY--TOPICAL TERM
Topical term or geographic name entry element DEBT
650 ## - SUBJECT ADDED ENTRY--TOPICAL TERM
Topical term or geographic name entry element PROPERTY COMPANIES
690 ## - LOCAL SUBJECT ADDED ENTRY--TOPICAL TERM (OCLC, RLIN)
Topical term or geographic name as entry element MANAGEMENT-BUSINESS MANAGEMENT-FINANCIAL MANAGEMENT
942 ## - ADDED ENTRY ELEMENTS (KOHA)
Suppress in OPAC 0
Holdings
Withdrawn status Lost status Source of classification or shelving scheme Damaged status Not for loan Home library Current library Shelving location Date acquired Total Checkouts Full call number Barcode Date last seen Copy number Price effective from Koha item type
    Dewey Decimal Classification     London London Journal article 22/05/2000   ABS62323 106043-1001 06/08/2019 1 06/08/2019 Journal article